| 000 | 00592nam a22001937a 4500 | ||
|---|---|---|---|
| 003 | OSt | ||
| 005 | 20260309082515.0 | ||
| 008 | 260309b |||||||| |||| 00| 0 eng d | ||
| 040 |
_aDWC-Main lib _cOC |
||
| 082 |
_22004 ed. _aFil. 336.24 R458 2004 |
||
| 100 | _aReyes, Vergilio D. | ||
| 245 |
_aIncome tax, law and accounting : _b a new approach/ _cVirgilio D. Reyes |
||
| 250 | _a 2004 ed. | ||
| 260 |
_a[S.l. : s.n.], _cc2004. |
||
| 300 |
_aXI, 334 p. ; _c22 cm. |
||
| 650 | _a1. Income tax-Law and legislation. | ||
| 650 | _a2. Taxation | ||
| 942 |
_2ddc _cBK - FIL _e 2004 ed. _kFil. _n0 |
||
| 999 |
_c8762 _d8762 |
||